000 00256nam a22001097a 4500
082 _a100
100 _aVivekananda,Swami
_979595
245 _aThe Book of Yoga
260 _aMumbai
_bJaico Publication
_c2023
650 _aPhiloshophy
_980188
942 _cBK
999 _c66767
_d66767